| 000 | 00501 a2200193 4500 | ||
|---|---|---|---|
| 005 | 20250224163240.0 | ||
| 008 | 250224b |||||||| |||| 00| 0 eng d | ||
| 020 |
_a9788121923293 _cRs. 395.00 |
||
| 040 | _aMAIN | ||
| 082 |
_a570.15195 _bB223I(4) |
||
| 100 | _aBanerjee, Parnab Kumar | ||
| 245 | _aIntroduction to biostatistics: A textbook of biometry | ||
| 250 | _a4th | ||
| 260 |
_bS Chand _c2024 _aNoida |
||
| 300 | _aix, 389 | ||
| 650 | _aBiostatistics | ||
| 650 | _aBiology | ||
| 942 | _cBK | ||
| 999 |
_c361460 _d361460 |
||